Bens públicos : (Record no. 512)

MARC details
000 -LÍDER
Campo Fixo de Controle 00749nam a2200241 a 4500
001 - NÚMERO DE CONTROLE
Campo de Controle 512
003 - IDENTIFICAÇÃO DO NÚMERO DE CONTROLE
Campo de Controle BR-CuiBMT
005 - DATA E HORA DA ÚLTIMA ATUALIZAÇÃO
Campo de Controle 20231108160133.0
008 - DADOS FIXOS
Dados Fixos 230807s2007 mgba 001 0 por d
020 ## - INTERNATIONAL STANDARD BOOK NUMBER
Nº do ISBN 9788577000722
040 ## - AGÊNCIA CATALOGADORA
Código da Agência Catalogadora BR-CuiBMT
Agência que transcreveu o registro BR-CuiBMT
080 ## - Nº DA CLASSIFICAÇÃO DECIMAL UNIVERSAL
Nº Class. CDU 347.218.2
Nº edição CDU 2007
090 ## - NÚMERO DE CHAMADA
Nº classificação 347.218.2
Cutter M358b
100 1# - ENTRADA PRINCIPAL -- AUTOR PESSOAL
Nome pessoal Marrara, Thiago,
Datas associadas ao nome 1980-
245 10 - TÍTULO PRINCIPAL
Título principal Bens públicos :
Subtítulo domínio urbano : infra-estruturas /
Indicação de responsabilidade Thiago Marrara ; prefácio, Maria Sylvia Zanella Di Pietro.
260 ## - PUBLICAÇÃO, DISTRIBUIÇÃO, ETC.
Local de publicação Belo Horizonte :
Editora Fórum,
Data 2007.
300 ## - DESCRIÇÃO FÍSICA
N. páginas ou volumes 360 p. :
Ilustrações il. ;
Dimensões 22 cm
504 ## - NOTA DE BIBLIOGRAFIA, ETC.
Nota de bibliografia Inclui bibliografia e índice.
650 ## - ASSUNTO TÓPICO
Cabeçalho tópico ou nome geográfico Bens públicos
650 ## - ASSUNTO TÓPICO
Cabeçalho tópico ou nome geográfico Infraestrutura urbana
Subdivisão geral Cidades
650 ## - ASSUNTO TÓPICO
Cabeçalho tópico ou nome geográfico Direito urbanístico
942 ## - ELEMENTOS DE ENTRADA ADICIONAIS (KOHA)
Fonte de classificação ou esquema de arquivamento Classificação Decimal Universal
Tipo de item do Koha Livros
Holdings
Estado: removido Estado: perdido Fonte de classificação ou esquema de arquivamento Estado: danificado Indisponível para empréstimo Localização permanente Localização atual Data de aquisição Total Checkouts Número de Chamada completo Código de barras Date last seen Número do exemplar Preço efetivo a partir de Tipo de item (Koha)
    Classificação Decimal Universal     Biblioteca da Escola Superior de Contas do TCE/MT Biblioteca da Escola Superior de Contas do TCE/MT 02/04/2013   347.218.2 M358b BIBTCEMT23110275 08/11/2023 Ex. 1 08/11/2023 Livros
    Classificação Decimal Universal     Biblioteca da Escola Superior de Contas do TCE/MT Biblioteca da Escola Superior de Contas do TCE/MT 08/08/2019   347.218.2 M358b BIBTCEMT23110711 17/11/2023 Ex. 2 17/11/2023 Livros

Powered by Koha